Organic experiments (Record no. 5016)

000 -LEADER
fixed length control field 00720cam a2200241 4500
001 - CONTROL NUMBER
control field 1703357
003 - CONTROL NUMBER IDENTIFIER
control field OSt
005 - DATE AND TIME OF LATEST TRANSACTION
control field 20220401121240.0
008 - FIXED-LENGTH DATA ELEMENTS--GENERAL INFORMATION
fixed length control field 680411s1968 maua 000 0 eng
010 ## - LIBRARY OF CONGRESS CONTROL NUMBER
LC control number 68017709
040 ## - CATALOGING SOURCE
Original cataloging agency DLC
Transcribing agency DLC
Modifying agency DLC
050 00 - LIBRARY OF CONGRESS CALL NUMBER
Classification number QD261
Item number .F54 1968
082 00 - DEWEY DECIMAL CLASSIFICATION NUMBER
Classification number 547/.0028
100 1# - MAIN ENTRY--PERSONAL NAME
Personal name Fieser, Louis F.
Fuller form of name (Louis Frederick),
Dates associated with a name 1899-1977.
245 10 - TITLE STATEMENT
Title Organic experiments
Statement of responsibility, etc. [by] Louis F. Fieser.
250 ## - EDITION STATEMENT
Edition statement 2d ed.
260 ## - PUBLICATION, DISTRIBUTION, ETC.
Place of publication, distribution, etc. Lexington, Mass.,
Name of publisher, distributor, etc. Raytheon Education Co.
Date of publication, distribution, etc. c1968.
300 ## - PHYSICAL DESCRIPTION
Extent viii, 342 p.
Other physical details illus.
Dimensions 24 cm.
504 ## - BIBLIOGRAPHY, ETC. NOTE
Bibliography, etc. note Includes index.
650 #0 - SUBJECT ADDED ENTRY--TOPICAL TERM
Topical term or geographic name entry element Chemistry, Organic
General subdivision Laboratory manuals.
906 ## - LOCAL DATA ELEMENT F, LDF (RLIN)
a 7
b cbc
c orignew
d u
e ncip
f 19
g y-gencatlg
942 ## - ADDED ENTRY ELEMENTS (KOHA)
Source of classification or shelving scheme
Koha item type Book
Suppress in OPAC CM
Holdings
Withdrawn status Lost status Source of classification or shelving scheme Damaged status Not for loan Permanent Location Current Location Shelving location Date acquired Source of acquisition Total Checkouts Full call number Barcode Date last seen Price effective from Koha item type Public note
          AU LIBRARY AU LIBRARY Open Shelf 01.04.2022 DONATION FROM MOI UNIVERSITY   QD261 .F54 1968 28007464 01.04.2022 01.04.2022 Book CM

Powered by Koha